El problema de la colonización

محفوظ في:
التفاصيل البيبلوغرافية
المؤلف الرئيسي: Bonelli Rubio, Juan (مؤلف)
التنسيق: كتاب
اللغة:الإسبانية
منشور في: Madrid, España Dirección General de Marruecos y Colonias 1944
الموضوعات:
الوسوم: إضافة وسم
لا توجد وسوم, كن أول من يضع وسما على هذه التسجيلة!

MARC

LEADER 00000nam a2200000 a 4500
001 UCO0922
003 CL-VaPUC
005 20211216172554.0
008 000428e19440000sp 1 spa d
999 |c 383549  |d 383547 
040 |c Pontificia Universidad Católica de Valparaíso 
082 0 4 |a 946 BON 1944  |2 21 
100 1 |a Bonelli Rubio, Juan  |e author  |9 619733 
245 1 3 |a El problema de la colonización 
260 |a Madrid, España  |b Dirección General de Marruecos y Colonias  |c 1944 
300 |a 15 páginas 
518 |p Curso Sobre Africa Española, 18 Diciembre 1944 
536 |a Dirección General de Marruecos Y Colonias 
546 |a En Español 
583 |a last modification  |c 20000428 00:00:00  |k Rodrigo Vera 
650 0 0 |a Historia de España  |9 315435 
650 0 0 |a Colonias españolas  |z AFRICA  |9 267778 
852 |a BIBCUR 
942 |c BK  |2 ddc 
945 |a rherrera  |d 20000428 00:00:00 
952 |0 0  |1 0  |2 ddc  |4 0  |6 946_000000000000000_BON_1944  |7 0  |8 X  |9 505697  |a BIBHIS  |b BIBHIS  |d 2020-01-23  |i 1268074  |o 946 BON 1944  |p 1268074  |r 2024-01-30  |t 1  |w 2020-01-23  |y BK_X  |k HIS